000 00462nam a2200157Ia 4500
005 20241121160737.0
008 231221s9999 xx 000 0 und d
020 _a9783034607742
082 _a747.85 BRA;1 R
100 _aBrandes, Uta. Erlhoff, Michael.
245 0 _aMy desk is my castle : exploring personalisation cultures
260 _c2011
_bBirkhauser
_aBasel
300 _a319
650 _aMy,desk,my,castle,personalisation,cultures
942 _cAR
999 _c231687
_d231687